01194 2200265 4500001002100000005001500021035002000036008004100056020002200097041000800119082001200127084001800139100001700157245004600174250001200220260004700232300002900279500001900308520035700327650005100684650003600735650010500771990002600876990002600902INLIS00000000000416420221102084200 a0010-0520004164221102 | | eng  a978-0-406-97578-2 aeng a343.410 a343.410 LLO i0 aLloyd, Ian J1 aInformation Technology Law /cIan J Lloyd a4th Ed. aNew York :bOxford University Press,c2004 axxxvi, 735 p. ;c24,5 cm aIndeks : Index aThis book is an essential reading for students on law courses which cover the law relating to information technology including, criminal law, contract law, and intellectual property law. This book also provides highly valuable information to students studying business or management and computing courses and to IT professional and legal practitioners. 4a1. Computers-Law and Legislation-Great Britain 4a2. Computer Crime-Great Britain 4a3. Data Drotection-Law and Legislation-Great Britain 4. Data Transmission System-Law and Legislation a06802/MKRI-P/XII-2007 a06802/MKRI-P/XII-2007